书目信息 |
| 题名: |
建筑企业文化与管理
|
|
| 作者: | 陈津生 主编 | |
| 分册: | ||
| 出版信息: | 北京 中国建筑工业出版社 2006.10 |
|
| 页数: | 391页 | |
| 开本: | 23cm | |
| 丛书名: | 建筑企业文化培训教程 | |
| 单 册: | ||
| 中图分类: | F407.96 | |
| 科图分类: | ||
| 主题词: | 建筑企业--jian zhu qi ye--文化 | |
| 电子资源: | ||
| ISBN: | 7-112-08448-2 | |
| 000 | 01014nam 2200241 450 | |
| 001 | 012006665882 | |
| 005 | 20070531160434.00 | |
| 010 | @a7-112-08448-2@dCNY55.00 | |
| 100 | @a20061225d2006 km y0chiy0120 ea | |
| 101 | 0 | @achi |
| 102 | @aCN@b110000 | |
| 105 | @aa z 000yy | |
| 200 | 1 | @a建筑企业文化与管理@Ajian zhu qi ye wen hua yu guan li@f陈津生主编@Fchen jin sheng zhu bian |
| 210 | @a北京@c中国建筑工业出版社@d2006.10 | |
| 215 | @a391页@c图@d23cm | |
| 225 | 2 | @a建筑企业文化培训教程@Ajian zhu qi ye wen hua pei xun jiao cheng |
| 330 | @a随着企业管理理念的变革与更新,企业文化建设已经成为企业管理制胜的法宝。优秀的企业,势必有着良好的企业文化形象,而企业的文化之髓,也是企业管理进一步优化与提升的催化剂。本书作者长期从事建筑行业企业文化工作研究,掌握了大量的企业文化建设的精彩案例。 | |
| 410 | 0 | @12001 @a建筑企业文化培训教程 |
| 606 | 0 | @a建筑企业@Ajian zhu qi ye@x文化 |
| 690 | @aF407.96@v4 | |
| 701 | 0 | @a陈津生@Achen jin sheng@4主编 |
| 801 | 0 | @aCN@c20070531 |
| 905 | @b233411-13@dF407.96@eC476 | |
| 建筑企业文化与管理/陈津生主编.-北京:中国建筑工业出版社,2006.10 |
| 391页:图;23cm.-(建筑企业文化培训教程) |
| ISBN 7-112-08448-2:CNY55.00 |
| 随着企业管理理念的变革与更新,企业文化建设已经成为企业管理制胜的法宝。优秀的企业,势必有着良好的企业文化形象,而企业的文化之髓,也是企业管理进一步优化与提升的催化剂。本书作者长期从事建筑行业企业文化工作研究,掌握了大量的企业文化建设的精彩案例。 |
| ● |
| 相关链接 |
|
|
|
正题名:建筑企业文化与管理
索取号:F407.96/C476
 
预约/预借
| 序号 | 登录号 | 条形码 | 馆藏地/架位号 | 状态 | 备注 |
| 1 | 233411 | 202334116 | 社科二线422/409社科库 35排3列5层/ [索取号:F407.96/C476] | 在馆 | |
| 2 | 233412 | 202334125 | 社科库409/409社科库 35排2列2层/ [索取号:F407.96/C476] | 在馆 | |
| 3 | 233413 | 202334134 | 社科二线422/409社科库 35排3列5层/ [索取号:F407.96/C476] | 在馆 |